| 000 | 00378pab a2200157 454500 | ||
|---|---|---|---|
| 008 | 180718b2002 xxu||||| |||| 00| 0 eng d | ||
| 100 | _aSingh, Yatindra | ||
| 245 | _aCyber Laws | ||
| 260 | _c2002 | ||
| 300 | _ap.190-204. | ||
| 362 | _aApr-Jun | ||
| 650 | _aInformation technology | ||
| 650 | _aCyber laws | ||
| 773 | _aJournal of the Indian Law Institute | ||
| 909 | _a53331 | ||
| 999 |
_c53331 _d53331 |
||